| 000 | 00484cam a2200181ua 4500 | ||
|---|---|---|---|
| 020 | _c45.00 | ||
| 041 |
_aeng _h |
||
| 082 |
_a537 _bVAS/FU |
||
| 100 | _aVasudeva, D N . | ||
| 245 |
_aFundamentals of magnetism and electricity for BSc and engineering students / _cD N Vasudeva. _hTextual Documents |
||
| 250 |
_a12 / _b. |
||
| 260 |
_aNew Delhi : _bS.Chand and Co , _c1984. |
||
| 300 | _a944 ; . | ||
| 365 | _a45.00 | ||
| 504 | _a | ||
| 942 | _cBK | ||
| 999 |
_c11059 _d11059 |
||